Tri úrovne plánovania profesijného rozvoja v škole, školskom zariadení

Bibliographic Details
Main Author: Laššák, Vladimír (Author)
Format: Article
Language:Slovak
PhysicalDescription:Tabuľky
ISSN:1335-0404
Subjects:
Online Access:https://archiv.mpc-edu.sk/sk/casopis/pedagogicke-rozhlady/uvod

MARC

LEADER 00000nab a2200000 4500
001 vtls012124717
003 SK-MaSNL
005 20260303100259.0
008 220223|2021 xo |||| ||an ||00 0|slo
015 |a SNBRB2022/02 
040 |a SPKCL  |b slo  |e rda 
041 |a slo  |b slo  |b eng 
044 |a xo  |c SK 
072 7 |a 37  |x Výchova a vzdelávanie  |2 konspekt 
072 7 |a 005  |x Manažment. Riadenie  |2 konspekt 
080 |a 373/378  |2 2011 
080 |a 005.51  |2 2011 
100 1 |a Laššák, Vladimír  |4 aut  |9 24056 
245 1 0 |a Tri úrovne plánovania profesijného rozvoja v škole, školskom zariadení  |c Vladimír Laššák 
300 |b Tabuľky 
336 |a text  |b txt  |2 rdacontent 
337 |a bez média  |b n  |2 rdamedia 
338 |a zväzok  |b nc  |2 rdacarrier 
504 |a Obsahuje bibliografiu a bibliografické odkazy 
546 |a Anglické a slovenské resumé 
650 0 7 |a profesijný rozvoj  |2 snkbucl  |9 331348 
650 0 7 |a školy  |2 SNKPH  |9 1276 
650 0 7 |a plánovanie  |2 SNKPH  |9 15324 
773 0 |t Pedagogické rozhľady  |g Roč. 30, č. 5 (2021), s. 43-48  |x 1335-0404 
787 0 8 |i Rec.: 
856 4 1 |u https://archiv.mpc-edu.sk/sk/casopis/pedagogicke-rozhlady/uvod 
999 |c 1828913  |d 1830843